000 00488nam a22001937a 4500
003 Ost
005 20250402094137.0
008 250402b |||||||| |||| 00| 0 eng d
020 _a9780091955106
040 _cBT-PhCST
050 _aD4649
082 _222
_a648
_bKON
100 _aKondo, Marie.
245 _aThe life changing magic of tidying /
260 _aJapan :
_bSunmark Publishing,
_cc2011
300 _a248 p. :
_bill. ;
_c20 cm.
500 _aIncludes index.
942 _2ddc
_cF
999 _c9959
_d9959